000
00312nam a2200109Ia 4500
008
231129s9999||||xx |||||||||||||| ||spa||
082
_a
345 P438in
100
_a
Pérez Pinzón Alvaro Orlando
245
0
_a
Introducción al derecho penal
264
_a
Bogotá Colombia : Ediciones Forum Pacis
942
_2
ddc
_c
BKS
999
_c
15956
_d
15956